000 00522nam a22001457a 4500
003 LK-CoMWRAF
005 20240131231610.0
008 240131b |||||||| |||| 00| 0 eng d
040 _aLK-CoMWRAF
_dLK-CoMWRAF
_eLK-CoMWRAF
041 _aeng
100 _aLokuliyana, Lionel
245 _aGeneral intelligence tests for the govt. training college entrance examination, standard VIII selective examination and general use in post-primary classes
260 _aColombo :
_bM. D. Gunasena & company limited,
_c1954
942 _cBK
999 _c4709
_d4709